| 000 | 00407nam a2200121Ia 4500 | ||
|---|---|---|---|
| 008 | 200916s9999 xx 000 0 und d | ||
| 020 | _a978-971-9654-72-8 | ||
| 100 | _aFlores, Marivic F. | ||
| 245 |
_cMarivic F. Flores.-- _aBusiness plan / |
||
| 260 |
_aManila : _bUnlimited Books Library Services & Publishing Inc. _c2017 |
||
| 300 |
_ax , 272 pages : _billustrations ; _c23 cm. |
||
| 650 | _aBusiness planning | ||
| 999 |
_c364269 _d364269 |
||